00886nam a22003017b 4500001000900000003000900009005001700018007000900035008004100044015000600085016001300091017000900104020001800113040002600131080000600157100003500163245007100198250001500269260003500284300002000319490002500339830002400364942001200388945002700400952010300427956003900530999001500569 2268953DO-SdBNP20180202131248.0 2268953071016s2007 sp | ||| ||spa  a 7 a 2BPMSU a b  a9788483430231 a BPMSUbspacBPMSUe  0a 1 aFernández Gabaldón, Susana10aMás allá de las tres dunas /cSusana Fernández Gabaldónh  a 13a. ed.  a[Barcelona] :bBambú, c2007 a218 p. ;c21 cm1 aGrandes lectoresv 5 0pGrandes lectoresv5 2ddccBK aInventariado, 2018 /LP 00102ddc40708CGaBPMETbBPMETd2016-03-29eFUNDIl0pBPMSU16030299r2016-03-29w2016-03-29yBK a VMATEO2103201603296BPMSU80069 c9416d9416